Normal view
MARC view
- Cartillas (Lectura elemental)
Entry Materia
001 - NÚMERO DE CONTROL DEL REGISTRO
- campo de control: 1832
003 - IDENTIFICADOR DE NUMERO DE CONTROL
- campo de control: MX-MxUPN
005 - FECHA Y HORA DE LA ÚLTIMA TRANSACCIÓN
- campo de control: 20231018130017.0
008 - DATOS DE LONGITUD FIJA
- campo de control de longitud fija: 231018nn annnnbabn n ana |d
035 ## - NÚMERO DE CONTROL DEL SISTEMA
- Número de control del sistema: UPN10000001832
040 ## - FUENTE DE LA CATALOGACIÓN
- Lengua de catalogación: spa
- Centro catalogador de origen: MX-MxUPN
150 ## - ENCABEZAMIENTO - TEMÁTICO
- Término de materia o nombre geográfico como elemento inicial: Cartillas (Lectura elemental)
670 ## - FUENTE EN LA QUE SE LOCALIZARON DATOS
- Cita de la fuente: Escamilla González, G. Lista de encabezamientos de materia, 1978 :
- Información localizada: página 149 (Cartillas (Lectura elemental))
902 ## - CATALOGADOR
- Catalogador: MMA/130106
- Catalogador: VíctorGodínez/181023
